00961nam a2200217Ia 4500003000900000008004100009020001800050040001600068080002300084111013300107245016500240260003400405300001600439490003000455650003100485700003300516710004000549942000700589999001700596952013000613IN-BaIIA211028s9999 xx 000 0 eng d a3-540-61582-2 cIIA Library a52-77 (082.2)bSCI aEuropean Southern Observatory-IRAM-NFRA-onsala Workshop on Science with Large Millimetre ArrayscGermanyd1995 Dec. 11-13921035 0aScience with large millimetre arraysbproceedings of the ESO-IRAM-NFRA-Onsala workshop held in Garching, Germany, 11-13 December 1995cedited by Peter A. Shaver aBerlinbSpringer-Verlagc1996 axvii, 408p. aESO astrophysics symposia aMillimetre stronomy921036 aShaver, Peter A., ed.921037 aEuropean Sothern Observatory921038 cBK c12084d12084 00104070aBANbBANcGENd1997-04-10g1056.00l0o52-77(082.2)/ SCIp13000r2021-11-05v1056.00w1997-04-10yBKGRs. 1056.00